LACHMAN, THE THEORY AND PRACTICE OF INDUSTRIAL PHARMACY (Record no. 16043)

MARC details
000 -LEADER
fixed length control field 00374nam a22001577a 4500
003 - CONTROL NUMBER IDENTIFIER
control field SGT
020 ## - INTERNATIONAL STANDARD BOOK NUMBER
International Standard Book Number 978-81-239-2306-2
082 ## - DEWEY DECIMAL CLASSIFICATION NUMBER
Classification number 615.4
Item number T18K
100 ## - MAIN ENTRY--PERSONAL NAME
Personal name KHAR,K.ROOP,ED.
245 ## - TITLE STATEMENT
Title LACHMAN, THE THEORY AND PRACTICE OF INDUSTRIAL PHARMACY
250 ## - EDITION STATEMENT
Edition statement 4TH
260 ## - PUBLICATION, DISTRIBUTION, ETC. (IMPRINT)
Place of publication, distribution, etc NEW DELHI
Name of publisher, distributor, etc CBS .PUB
Year of Publication 2018
300 ## - PAGE DESCRIPTION
No. of Pages 1203
650 ## - SUBJECT ADDED ENTRY--TOPICAL TERM
Topical term or geographic name as entry element AYURVEDA
942 ## - ADDED ENTRY ELEMENTS (KOHA)
Source of classification or shelving scheme Dewey Decimal Classification
Koha item type Books
942 ## - ADDED ENTRY ELEMENTS (KOHA)
-- 254
Holdings
Withdrawn status Lost status Source of classification or shelving scheme Damaged status Not for loan Collection code Home library Current library Shelving location Date acquired Vendor Name Cost, normal purchase price SGTU Bill Number Total Checkouts Full call number Accession No. (Barcode) Date last seen Date last borrowed Bill Date Koha item type Total Renewals
    Dewey Decimal Classification     PHARMACY SGT FA-FP Library SGT FA-FP Library Text Book 18/09/2018 AHUJA PUB 725.00 SGTU 10139 51 615.4 T18K FP2879 08/10/2025 22/09/2025 15/09/2018 Books  
    Dewey Decimal Classification     PHARMACY SGT FA-FP Library SGT FA-FP Library Text Book 18/09/2018 AHUJA PUB 725.00 SGTU 10139 40 615.4 T18K FP2880 22/11/2024 08/11/2024 15/09/2018 Books 1
    Dewey Decimal Classification     PHARMACY SGT FA-FP Library SGT FA-FP Library Text Book 18/09/2018 AHUJA PUB 725.00 SGTU 10139 38 615.4 T18K FP2881 05/12/2025 05/12/2025 15/09/2018 Books  
    Dewey Decimal Classification     PHARMACY SGT FA-FP Library SGT FA-FP Library Text Book 18/09/2018 AHUJA PUB 725.00 SGTU 10139 31 615.4 T18K FP2882 16/06/2025 28/05/2025 15/09/2018 Books  
    Dewey Decimal Classification     PHARMACY SGT FA-FP Library SGT FA-FP Library Text Book 18/09/2018 AHUJA PUB 725.00 SGTU 10139 44 615.4 T18K FP2883 08/01/2025 26/12/2024 15/09/2018 Books 2
    Dewey Decimal Classification     PHARMACY SGT FA-FP Library SGT FA-FP Library Text Book 18/09/2018 AHUJA PUB 725.00 SGTU 10139 49 615.4 T18K FP2884 02/01/2026 11/12/2025 15/09/2018 Books  
    Dewey Decimal Classification     PHARMACY SGT FA-FP Library SGT FA-FP Library Text Book 18/09/2018 AHUJA PUB 725.00 SGTU 10139 44 615.4 T18K FP2885 03/10/2024 03/10/2024 15/09/2018 Books  
    Dewey Decimal Classification     PHARMACY SGT FA-FP Library SGT FA-FP Library Text Book 18/09/2018 AHUJA PUB 725.00 SGTU 10139 34 615.4 T18K FP2886 13/01/2026 04/12/2025 15/09/2018 Books  
    Dewey Decimal Classification     PHARMACY SGT FA-FP Library SGT FA-FP Library Text Book 18/09/2018 AHUJA PUB 725.00 SGTU 10139 42 615.4 T18K FP2887 29/10/2025 23/09/2025 15/09/2018 Books 1
    Dewey Decimal Classification     PHARMACY SGT FA-FP Library SGT FA-FP Library Text Book 18/09/2018 AHUJA PUB 725.00 SGTU 10139 32 615.4 T18K FP2888 08/12/2025 05/12/2025 15/09/2018 Books 1